MARC

LEADER 00000nab a2200000 ar4500
001 vtls009351910
003 SK-MaSNL
005 20260305040753.0
008 081022c2008 xo wr|p|||||||000 b|slo
038 |a PPPK 
040 |a PPPKCL  |b slo  |c PPPKCL  |e AACR2 
041 0 |a slo 
044 |a xo  |c SK 
080 |a 316.344.6  |2 2001 
080 |a 331.56  |2 2001 
080 |a 364-78-154  |2 2001 
080 |a 331.108.45  |2 2001 
245 0 0 |a Fungujúce Lokálne partnerstvo sociálnej inklúzie Subregiónu Stredný Spiš okresov Poprad a Levoča 
610 2 7 |a Partnerstvo sociálnej inklúzie subregiónu stredný Spiš, okresov Poprad - Levoča (občianske združenie)  |2 pppkcl  |9 1043399 
610 2 7 |a Fungujúce lokálne partnerstvo sociálnej inklúzie Subregiónu Stredný Spiš okresov Poprad - Levoča (projekt)  |2 pppkcl  |9 1044187 
610 2 7 |a Fond sociálneho rozvoja (Slovensko)  |2 pppkcl  |9 317996 
648 7 |a 2008  |2 pppkcl  |9 317238 
650 0 7 |a sociálne ohrozené skupiny  |2 pppkcl  |9 83816 
650 0 7 |a nezamestnanosť  |2 pppkcl  |9 4271 
650 0 7 |a komunitná práca  |2 pppkcl  |9 68358 
650 0 7 |a školiace moduly  |2 pppkcl  |9 1620685 
651 7 |a Poprad (Slovensko : okres)  |2 pppkcl  |9 28675 
651 7 |a Levoča (Slovensko : okres)  |2 pppkcl  |9 30131 
773 0 |t Podtatranské noviny  |g Roč. IL, č. 41 (2008), s. 6 
852 |a PPPK  |b KIS3GCP 
999 |c 3340261  |d 3342191